• 首页
  • 本馆介绍
  • 公告通知
  • 最新文献
  • 馆藏检索
  • 电子资源
  • 读者导购
  • 参考咨询
  • 我的图书馆
  • 登录
  • 详细信息显示
  • 放入我的书架
  • 预约/预借图书
  • 作者相关作品
  • 分类相关作品
  • 丛书相关作品
  • 出版社相关作品

书目信息

  • 表格格式
  • 工作单格式
  • 卡片格式
题名:
水力发电建设常识
    
 
作者: 刘兰桂 编著
分册: 第三分册   水能利用
出版信息: 北京   电力工业出版社  1956.07
页数: 80页
开本: 20cm
丛书名:
单 册:
中图分类: TM612
科图分类:
主题词: 发电--各种
电子资源:
ISBN:
000 00603nam0 2200205 450
001 0639768486
005 20060816110449.07
010    @dCNY0.30
091    @aT15036.33
100    @a20060816d1956 km y0chiy0120 ea
101 0  @achi
200 1  @a水力发电建设常识@Ashui li fa dian jian she chang shi@f刘兰桂 编著@Fliu lan gui bian zhu@h第三分册@i水能利用
210    @a北京@c电力工业出版社@d1956.07
215    @a80页@d20cm
517 1  @a水能利用@Ashui neng li yong
606 0  @a发电@x各种
690    @aTM612@v3
701  0 @a刘兰桂@Aliu lan gui@4编著
801  0 @aCN@bPFT@c20060816
905    @a10447@dTM612@e6
    
    水力发电建设常识/刘兰桂 编著.第三分册.水能利用.-北京:电力工业出版社,1956.07
    80页;20cm
    
    
    ISBN :CNY0.30
    
●
相关链接 在E读中查询图书 在五车中查询图书 在当当中查询图书 在豆瓣中查询图书


正题名:水力发电建设常识     索取号:TM612/6         预约/预借

序号 登录号 条形码 馆藏地/架位号 状态 备注
1 0458676   204586769   密集书库/ [索取号:TM612/6] 在馆    
唐山师范学院图书馆 欢迎您!
大连网信软件有限公司© 版权所有